<?xml version="1.0" encoding="UTF-8"?>
<record
    xmlns:xsi="http://www.w3.org/2001/XMLSchema-instance"
    xsi:schemaLocation="http://www.loc.gov/MARC21/slim http://www.loc.gov/standards/marcxml/schema/MARC21slim.xsd"
    xmlns="http://www.loc.gov/MARC21/slim">

  <leader>01099nam a22002777a 4500</leader>
  <controlfield tag="003">OSt</controlfield>
  <controlfield tag="005">20170821134350.0</controlfield>
  <controlfield tag="008">170727s1996    ua o   gr     001 0 ara d</controlfield>
  <datafield tag="040" ind1=" " ind2=" ">
    <subfield code="a">EG-ScBUE</subfield>
    <subfield code="b">ara</subfield>
    <subfield code="c">EG-ScBUE</subfield>
  </datafield>
  <datafield tag="043" ind1=" " ind2=" ">
    <subfield code="a">f-ua---</subfield>
  </datafield>
  <datafield tag="082" ind1="0" ind2="4">
    <subfield code="a">355.00962</subfield>
    <subfield code="b">&#x637; &#x648; &#x633;</subfield>
    <subfield code="2">22</subfield>
  </datafield>
  <datafield tag="100" ind1="1" ind2=" ">
    <subfield code="a">&#x637;&#x648;&#x633;&#x648;&#x646;&#x60C; &#x639;&#x645;&#x631;&#x60C;</subfield>
    <subfield code="c">&#x627;&#x644;&#x623;&#x645;&#x64A;&#x631;&#x60C;</subfield>
    <subfield code="b">1944-1872.</subfield>
  </datafield>
  <datafield tag="245" ind1="1" ind2="2">
    <subfield code="a">&#x627;&#x644;&#x62C;&#x64A;&#x634; &#x627;&#x644;&#x645;&#x635;&#x631;&#x64A; &#x641;&#x64A; &#x627;&#x644;&#x62D;&#x631;&#x628; &#x627;&#x644;&#x631;&#x648;&#x633;&#x64A;&#x629;&#x60C; &#x627;&#x644;&#x645;&#x639;&#x631;&#x648;&#x641;&#x629;&#x60C; &#x628;&#x62D;&#x631;&#x628; &#x627;&#x644;&#x642;&#x631;&#x645;&#x60C; 1853-1855 /</subfield>
    <subfield code="c">&#x639;&#x645;&#x631; &#x637;&#x648;&#x633;&#x648;&#x646;.</subfield>
  </datafield>
  <datafield tag="246" ind1="3" ind2="3">
    <subfield code="a">&#x62D;&#x631;&#x628; &#x627;&#x644;&#x642;&#x631;&#x645;</subfield>
  </datafield>
  <datafield tag="250" ind1=" " ind2=" ">
    <subfield code="a">&#x637;. 2.</subfield>
  </datafield>
  <datafield tag="260" ind1=" " ind2=" ">
    <subfield code="a">&#x627;&#x644;&#x642;&#x627;&#x647;&#x631;&#x629; :</subfield>
    <subfield code="b">&#x645;&#x643;&#x62A;&#x628;&#x629; &#x645;&#x62F;&#x628;&#x648;&#x644;&#x64A;&#x60C;</subfield>
    <subfield code="c">1996.</subfield>
  </datafield>
  <datafield tag="300" ind1=" " ind2=" ">
    <subfield code="a">250 &#x635;. :</subfield>
    <subfield code="b">&#x635;&#x648;&#x631; &#x61B;</subfield>
    <subfield code="c">24 &#x633;&#x645;.</subfield>
  </datafield>
  <datafield tag="490" ind1="0" ind2=" ">
    <subfield code="a">&#x635;&#x641;&#x62D;&#x627;&#x62A; &#x645;&#x646; &#x62A;&#x627;&#x631;&#x64A;&#x62E; &#x645;&#x635;&#x631; &#x61B;</subfield>
    <subfield code="v">18</subfield>
  </datafield>
  <datafield tag="590" ind1=" " ind2=" ">
    <subfield code="a">&#x633;&#x627;&#x631;&#x629;</subfield>
  </datafield>
  <datafield tag="650" ind1=" " ind2="7">
    <subfield code="a">&#x62D;&#x631;&#x628; &#x627;&#x644;&#x642;&#x631;&#x645;&#x60C; 1853-1856.</subfield>
    <subfield code="2">BUEsh</subfield>
  </datafield>
  <datafield tag="651" ind1=" " ind2="7">
    <subfield code="a">&#x62A;&#x631;&#x643;&#x64A;&#x627;</subfield>
    <subfield code="x">&#x62A;&#x627;&#x631;&#x64A;&#x62E; </subfield>
    <subfield code="y">&#x627;&#x644;&#x625;&#x645;&#x628;&#x631;&#x627;&#x637;&#x648;&#x631;&#x64A;&#x629; &#x627;&#x644;&#x639;&#x62B;&#x645;&#x627;&#x646;&#x64A;&#x629;&#x60C; 1288-1918.</subfield>
    <subfield code="2">BUEsh</subfield>
    <subfield code="9">13305</subfield>
  </datafield>
  <datafield tag="651" ind1=" " ind2="7">
    <subfield code="a"> &#x645;&#x635;&#x631;</subfield>
    <subfield code="x">&#x62A;&#x627;&#x631;&#x64A;&#x62E; &#x639;&#x633;&#x643;&#x631;&#x64A;  </subfield>
    <subfield code="y">&#x627;&#x644;&#x62D;&#x643;&#x645; &#x627;&#x644;&#x639;&#x62B;&#x645;&#x627;&#x646;&#x64A;&#x60C; 1517-1882.</subfield>
    <subfield code="2">BUEsh</subfield>
  </datafield>
  <datafield tag="651" ind1=" " ind2="7">
    <subfield code="a">&#x645;&#x635;&#x631;</subfield>
    <subfield code="x">&#x62A;&#x627;&#x631;&#x64A;&#x62E; &#x639;&#x633;&#x643;&#x631;&#x64A;.</subfield>
    <subfield code="2">BUEsh</subfield>
  </datafield>
  <datafield tag="653" ind1=" " ind2=" ">
    <subfield code="b">GGEN</subfield>
    <subfield code="b">BUSBOL</subfield>
    <subfield code="c">July2017</subfield>
  </datafield>
  <datafield tag="942" ind1=" " ind2=" ">
    <subfield code="2">ddc</subfield>
  </datafield>
  <datafield tag="999" ind1=" " ind2=" ">
    <subfield code="c">25083</subfield>
    <subfield code="d">25055</subfield>
  </datafield>
  <datafield tag="952" ind1=" " ind2=" ">
    <subfield code="0">0</subfield>
    <subfield code="1">0</subfield>
    <subfield code="2">ddc</subfield>
    <subfield code="4">0</subfield>
    <subfield code="7">0</subfield>
    <subfield code="8">Madboly</subfield>
    <subfield code="a">MAIN</subfield>
    <subfield code="b">MAIN</subfield>
    <subfield code="c">2ND</subfield>
    <subfield code="d">2017-07-27</subfield>
    <subfield code="e">Purchase</subfield>
    <subfield code="h">04183</subfield>
    <subfield code="o">355.00962 &#x637; &#x648; &#x633;</subfield>
    <subfield code="p">000034853</subfield>
    <subfield code="r">2025-07-15 00:00:00</subfield>
    <subfield code="y">BB</subfield>
  </datafield>
</record>
